000 00345nam a2200121Ia 4500
008 240731s9999 xx 000 0 und d
022 _a1366-5928
245 0 _aXenobiotica : the fate of foreign compounds in biological systems
260 _bTaylor & Francis
856 _uhttps://www.tandfonline.com/loi/ixen20
942 _2ddc
942 _cTFEJ
999 _c80318
_d80318
945 _a1
_bMadushi Gamage
_c1
_dMadushi Gamage